00460nam a22001577a 450000500170000001000150001702000260003203500140005803700090007208200080008110000230008924500460011226000390015827000840019730000210028120250825150133.0 aENG-146500 a9789391878467c350.00 aEN-130032 bDBAD a921 aHiloidari, Ananya  aSaurabh Kumar Chaliha/cAnanya Hiloidari  aGuwahatibPurbanchal Prakashc2022 aH.No.-2, Sewjee Path, Dr. B.N. Saikia Path, Wireless, Guwahati-781006bGuwahati a156p.c22cm.(Hb)